The design thinking toolbox : a guide to mastering the most popular and valuable innovation methods / (Record no. 4489)

000 -LEADER
fixed length control field 02380cam a2200397 i 4500
001 - CONTROL NUMBER
control field 21515163
003 - CONTROL NUMBER IDENTIFIER
control field OSt
005 - DATE AND TIME OF LATEST TRANSACTION
control field 20260331110736.0
008 - FIXED-LENGTH DATA ELEMENTS--GENERAL INFORMATION
fixed length control field 200429s2020 njua b 001 0 eng
010 ## - LIBRARY OF CONGRESS CONTROL NUMBER
LC control number 2020008268
020 ## - INTERNATIONAL STANDARD BOOK NUMBER
International Standard Book Number 9781119629191
Qualifying information (paperback)
020 ## - INTERNATIONAL STANDARD BOOK NUMBER
Cancelled/invalid ISBN 9781119629214
Qualifying information (adobe pdf)
020 ## - INTERNATIONAL STANDARD BOOK NUMBER
Cancelled/invalid ISBN 9781119629245
Qualifying information (epub)
035 ## - SYSTEM CONTROL NUMBER
System control number 21515163
040 ## - CATALOGING SOURCE
Original cataloging agency DLC
Language of cataloging eng
Description conventions rda
Transcribing agency DLC
Modifying agency DLC
041 1# - LANGUAGE CODE
Language code of text/sound track or separate title eng
Language code of original and/or intermediate translations of text ger
042 ## - AUTHENTICATION CODE
Authentication code pcc
050 00 - LIBRARY OF CONGRESS CALL NUMBER
Classification number HD30.29.L491 2020
082 00 - DEWEY DECIMAL CLASSIFICATION NUMBER
Classification number 658.4/094
Edition number 23
100 1# - MAIN ENTRY--PERSONAL NAME
Personal name Lewrick, Michael,
Relator term author.
245 14 - TITLE STATEMENT
Title The design thinking toolbox : a guide to mastering the most popular and valuable innovation methods /
Statement of responsibility, etc Michael Lewrick, Patrick Link, Larry Leifer ; illustrations: Achim Schmidt.
300 ## - PHYSICAL DESCRIPTION
Extent 309 pages :
Other physical details color illustrations ;
Dimensions 24 cm
504 ## - BIBLIOGRAPHY, ETC. NOTE
Bibliography, etc Includes bibliographical references and index.
520 ## - SUMMARY, ETC.
Summary, etc "Encyclopedia of Design Thinking Tools explains the most important tools and methods over the Design Thinking cycle. Based on the largest international survey on the use of Design Thinking Tools and Methods, the most popular methods are described on four pages each, by an expert from the Design Thinking community. Simple instructions, expert tips, templates and images of the application make the Encyclopedia valuable reading, especially for Design Thinking beginners. It is suitable for design thinkers who want to quickly and comprehensively familiarize themselves with the tools and try out new tools. It helps readers with: selecting the right tools and finding new tools planning training/workshops on design thinking practical application tips This is an encyclopedia that is the perfect complement to the bestselling, The Design Thinking Playbook"--
650 #0 - SUBJECT ADDED ENTRY--TOPICAL TERM
Topical term or geographic name as entry element Problem solving.
650 #0 - SUBJECT ADDED ENTRY--TOPICAL TERM
Topical term or geographic name as entry element Creative thinking.
650 #0 - SUBJECT ADDED ENTRY--TOPICAL TERM
Topical term or geographic name as entry element Project management.
650 #0 - SUBJECT ADDED ENTRY--TOPICAL TERM
Topical term or geographic name as entry element Creative ability in technology.
650 #0 - SUBJECT ADDED ENTRY--TOPICAL TERM
Topical term or geographic name as entry element Creative ability in business.
700 1# - ADDED ENTRY--PERSONAL NAME
Personal name Link, Patrick,
Dates associated with a name 1968-
Relator term author.
700 1# - ADDED ENTRY--PERSONAL NAME
Personal name Leifer, Larry J.,
Relator term author.
776 08 - ADDITIONAL PHYSICAL FORM ENTRY
Display text Online version:
Main entry heading Lewrick, Michael.
Title Design thinking toolbox
Place, publisher, and date of publication Hoboken, New Jersey : John Wiley & Sons, Inc., [2020]
International Standard Book Number 9781119629214
Record control number (DLC) 2020008269
906 ## - LOCAL DATA ELEMENT F, LDF (RLIN)
a 7
b cbc
c orignew
d 1
e ecip
f 20
g y-gencatlg
942 ## - ADDED ENTRY ELEMENTS (KOHA)
Source of classification or shelving scheme
Koha item type Book
Holdings
Withdrawn status Lost status Source of classification or shelving scheme Damaged status Not for loan Home library Current library Shelving location Date acquired Total Checkouts Full call number Barcode Date last seen Copy number Price effective from Koha item type
          Riara University Library Riara University Library General stack 31/03/2026   HD30.29.L491 2020 10906/26 31/03/2026 C.1 31/03/2026 Book
          Riara University Library Riara University Library General stack 31/03/2026   HD30.29.L491 2020 10907/26 31/03/2026 C.2 31/03/2026 Book

Riara University Library,
P.O. Box 49940-00100,
Nairobi, Kenya.